| 000 | 02521nam a2200421 c 4500 | ||
|---|---|---|---|
| 003 | BLK | ||
| 005 | 20230405030308.0 | ||
| 008 | 180412b bul|||||r ||||||| ||bul|| | ||
| 010 | _aKNG00002243000 | ||
| 020 |
_a954-739-172-0 _bиздат.: Захарий Стоянов - на том(т. 2) |
||
| 040 | _aBLK | ||
| 041 |
_aBUL _cBUL |
||
| 080 |
_aТеория и философия на историята. Морфология на историята _b930.1 _x _z930.1 |
||
| 080 |
_aИстория на цивилизацията. История на културата _b930.85 _x _z930.85 |
||
| 100 | 1 |
_aТойнби, Арнълд Джоузеф _eпърви автор _9244131 |
|
| 700 | 1 |
_aГарвалов, Иво _eпрев. от англ. _9244132 |
|
| 700 | 1 |
_aПантев, Андрей Лазаров _9363433 |
|
| 139 |
_aТойнби, Арнълд Джоузеф _bТ 65 |
||
| 245 | 1 | 0 |
_aИзследване на историята _bТ. 1 - _cАрнълд Джоузеф Тойнби; прев. от англ. Иво Гарвалов; предг. от Андрей Лазаров Пантев. _nТ. 2 _pУниверсални държави и универсални църкви |
| 250 | _a2. изд. | ||
| 257 | _aGBR | ||
| 260 |
_аСофия _c2001 - _fСофия : Образование и наука |
||
| 300 | _c21 см | ||
| 380 | _a9 | ||
| 490 | 1 | _aПоредица Философия и човек | |
| 500 | _aОриг. загл. A Study of History. - 1. изд. 1995 на изд. Хр. Ботев в 3 т. - Офс. изд. | ||
| 505 |
_g _r _tПерспективите на западната цивилизация |
||
| 650 | 4 |
_aИстория - философски проблеми _9242500 |
|
| 650 | 4 |
_aЦивилизация - философско-исторически проблеми _9244134 |
|
| 653 | _aизследвания | ||
| 653 | _aистория | ||
| 760 | 1 |
_3- на том(т. 2) _aТойнби, Арнълд Джоузеф _b2. изд. _dЗахарий Стоянов, 2001 _h400 с. : с табл. _nСъдържа и Универсални държави ; Философия ; Висши религии ; Варварски военни шайки ; Цивилизации - родственост _tТ. 2 Универсални държави и универсални църкви |
|
| 852 | _aЦб 210673 | ||
| 856 | 4 |
_qpdf _u |
|
| 856 | 4 |
_qpdf _u |
|
| 942 |
_cKNG _n0 _01 |
||
| 944 |
_aCR _c15.01.2003 _kКети_Илиева |
||
| 944 |
_aED _c08.09.2017 _kЛюдмила_Стоянова |
||
| 999 |
_c1417 _d1417 |
||